OPTIMALIZÁCIA PARAMETROV REZANIA

Bibliographic Details
Main Author: Petrášová, Štefánia (Author)
Format: Article
Language:Slovak
ISBN:8022707821

MARC

LEADER 00000naa a2200000uu 4500
001 vtls010945916
003 SK-MaSNL
005 20260302121943.0
008 210902|1995 xo |||||||||||||||||slo|
015 |a SNBRA 
035 |a (urnnbn)urn:nbn:sk:snk:ar-a0bfml 
035 |a (uuid)3b120bd8-e37e-4584-9778-214e5a7d094d 
035 |a urn:nbn:sk:snk-aau7sw 
040 |a SNKBUCL  |b slo  |c SNKBUCL  |e AACR2 
041 0 |a slo 
044 |a xo  |c SK 
100 1 |a Petrášová, Štefánia  |4 aut  |9 280143 
245 1 0 |a OPTIMALIZÁCIA PARAMETROV REZANIA  |c Štefánia Petrášová 
246 3 |a OPTIMALIZATION OF THE METAL CUTTING PARAMETERS 
773 0 |t Technológia '95  |d Bratislava : Slovenská technická univerzita, 1995  |g S. 506-508  |z 8022707821 
958 |a OND 
958 |a article11 
958 |a chapter 
999 |c 1275909  |d 1277839